[Event "Krasnodar Region-ch"]
[Site "Krasnodar"]
[Date "2012.10.04"]
[Round "3"]
[White "Panarin, Vladimir"]
[Black "Gats, Sergey"]
[Result "1-0"]
[WhiteElo "2097"]
[BlackElo "1908"]
[PlyCount "45"]
[EventDate "2012.10.02"]
[EventType "swiss"]
[EventRounds "9"]
[EventCountry "RUS"]
[SourceTitle "EXT 2013"]
[Source "ChessBase"]
[SourceDate "2012.11.22"]
[SourceVersion "1"]
[SourceVersionDate "2012.11.22"]
[SourceQuality "1"]

1. d4 d5 2. c4 c6 3. Nf3 Nf6 4. e3 Nbd7 5. Nc3 e6 6. Qc2 Be7 7. g4 h6 8. Rg1 Qc7 9. h4 dxc4 10. Bxc4 b5 11. Bd3 Bb7 12. g5 hxg5 13. hxg5 Nd5 14. Nxd5 exd5 15. g6 f6 16. Bd2 a6 17. Ke2 c5 18. Rh1 0-0-0 19. Rh7 c4 20. Bf5 Rxh7 21. gxh7 Kb8 22. Bxd7 Qxd7 23. Qg6 1-0